Yu-Gi-Oh! - Monstre (6) - Statistiques

Statistiques générales
  • Ce quiz a été pris 41 fois
  • Le résultat moyen est 133 sur 144
Statistiques - réponses
Question Tuile Select % Correct
Qui est Dragon Bras d'Épée ? Non
100%
Qui est Dragon Bras d'Épée ? Non
100%
Qui est Dragon Bras d'Épée ? Non
100%
Qui est Dragon Bras d'Épée ? Non
100%
Qui est Dragon Noir aux Yeux Rouges ? Non
100%
Qui est Dragon Noir aux Yeux Rouges ? Non
100%
Qui est Dragon Noir aux Yeux Rouges ? Non
100%
Qui est Dragon Noir aux Yeux Rouges ? Non
100%
Qui est Dragon Noir aux Yeux Rouges ? Non
100%
Qui est Dragon Noir aux Yeux Rouges ? Non
100%
Qui est Dragon Noir aux Yeux Rouges ? Non
100%
Qui est Dragon Noir aux Yeux Rouges ? Non
100%
Qui est Dragon Noir aux Yeux Rouges ? Non
100%
Qui est Dragon Noir aux Yeux Rouges ? Non
100%
Qui est Dragon-Serpent Nocturne ? Non
100%
Qui est Dragon-Serpent Nocturne ? Non
100%
Qui est Dragon-Serpent Nocturne ? Non
100%
Qui est Dragon-Serpent Nocturne ? Non
100%
Qui est Dragon-Serpent Nocturne ? Non
100%
Qui est Dragon-Serpent Nocturne ? Non
100%
Qui est Dragon-Serpent Nocturne ? Non
100%
Qui est Dragon-Serpent Nocturne ? Non
100%
Qui est Dragon-Serpent Nocturne ? Non
100%
Qui est Dragon-Serpent Nocturne ? Non
100%
Qui est Dragon Bras d'Épée ? Non
97%
Qui est Dragon Bras d'Épée ? Non
97%
Qui est Dragon Bras d'Épée ? Non
97%
Qui est Roi Rex à Deux Têtes ? Non
97%
Qui est Roi Rex à Deux Têtes ? Non
97%
Qui est Roi Rex à Deux Têtes ? Non
97%
Qui est Roi Rex à Deux Têtes ? Non
97%
Qui est Roi Rex à Deux Têtes ? Non
97%
Qui est Roi Rex à Deux Têtes ? Non
97%
Qui est Roi Rex à Deux Têtes ? Non
97%
Qui est Roi Rex à Deux Têtes ? Non
97%
Qui est Roi Rex à Deux Têtes ? Non
97%
Qui est Roi Rex à Deux Têtes ? Non
97%
Qui est Roi Rex à Deux Têtes ? Non
97%
Qui est Roi Rex à Deux Têtes ? Oui
97%
Qui est Rex le Géant ? Non
97%
Qui est Rex le Géant ? Non
97%
Qui est Rex le Géant ? Non
97%
Qui est Rex le Géant ? Non
97%
Qui est Rex le Géant ? Non
97%
Qui est Rex le Géant ? Non
97%
Qui est Rex le Géant ? Non
97%
Qui est Dragon Noir aux Yeux Rouges ? Non
97%
Qui est Dragon Noir aux Yeux Rouges ? Oui
97%
Qui est Mégazouleur ? Non
97%
Qui est Mégazouleur ? Non
97%
Qui est Mégazouleur ? Non
97%
Qui est Mégazouleur ? Non
97%
Qui est Mégazouleur ? Non
97%
Qui est Mégazouleur ? Non
97%
Qui est Mégazouleur ? Non
97%
Qui est Trakodon ? Non
97%
Qui est Trakodon ? Non
97%
Qui est Trakodon ? Non
97%
Qui est Trakodon ? Non
97%
Qui est Dragon-Serpent Nocturne ? Oui
97%
Qui est Dragon-Serpent Nocturne ? Non
97%
Qui est Gilasaure ? Non
97%
Qui est Gilasaure ? Non
97%
Qui est Gilasaure ? Non
97%
Qui est Gilasaure ? Non
97%
Qui est Gilasaure ? Non
97%
Qui est Gilasaure ? Non
97%
Qui est Dragon Tyran ? Non
97%
Qui est Dragon Tyran ? Non
97%
Qui est Dragon Tyran ? Non
97%
Qui est Dragon Tyran ? Non
97%
Qui est Dragon Tyran ? Non
97%
Qui est Dragon Tyran ? Non
97%
Qui est Dragon Tyran ? Non
97%
Qui est Dragon Tyran ? Non
97%
Qui est Tyranno Noir ? Non
97%
Qui est Tyranno Noir ? Non
97%
Qui est Tyranno Noir ? Non
97%
Qui est Tyranno Noir ? Non
97%
Qui est Tyranno Noir ? Non
97%
Qui est Tyranno Noir ? Non
97%
Qui est Tyranno Noir ? Non
97%
Qui est Dragon Bras d'Épée ? Non
94%
Qui est Rex le Géant ? Non
94%
Qui est Trakodon ? Non
94%
Qui est Trakodon ? Non
94%
Qui est Gilasaure ? Non
94%
Qui est Gilasaure ? Non
94%
Qui est Dragon Rampant N°2 ? Non
94%
Qui est Dragon Rampant N°2 ? Non
94%
Qui est Dragon Rampant N°2 ? Non
94%
Qui est Dragon Rampant N°2 ? Non
94%
Qui est Dragon Rampant N°2 ? Non
94%
Qui est Tyranno Noir ? Non
94%
Qui est Tyranno Noir ? Non
94%
Qui est Lézard Ballon ? Non
94%
Qui est Lézard Ballon ? Non
94%
Qui est Lézard Ballon ? Non
94%
Qui est Lézard Ballon ? Non
94%
Qui est Lézard Ballon ? Non
94%
Qui est Lézard Ballon ? Non
94%
Qui est Lézard Ballon ? Non
94%
Qui est Lézard Ballon ? Non
94%
Qui est Lézard Ballon ? Non
94%
Qui est Lézard Ballon ? Non
94%
Qui est Lézard Ballon ? Oui
94%
Qui est Lézard Ballon ? Non
94%
Qui est Dragon Bras d'Épée ? Non
91%
Qui est Mégazouleur ? Non
91%
Qui est Dragon Tyran ? Non
91%
Qui est Dragon Rampant N°2 ? Non
91%
Qui est Dragon Rampant N°2 ? Non
91%
Qui est Tyranno Noir ? Non
91%
Qui est Dragon Bras d'Épée ? Non
88%
Qui est Rex le Géant ? Non
88%
Qui est Mégazouleur ? Non
88%
Qui est Trakodon ? Non
88%
Qui est Gilasaure ? Non
88%
Qui est Gilasaure ? Non
88%
Qui est Dragon Tyran ? Non
88%
Qui est Dragon Rampant N°2 ? Non
88%
Qui est Dragon Rampant N°2 ? Non
88%
Qui est Tyranno Noir ? Non
88%
Qui est Trakodon ? Non
85%
Qui est Trakodon ? Non
85%
Qui est Trakodon ? Non
85%
Qui est Dragon Rampant N°2 ? Non
85%
Qui est Dragon Rampant N°2 ? Non
85%
Qui est Mégazouleur ? Non
82%
Qui est Dragon Tyran ? Non
82%
Qui est Dragon Bras d'Épée ? Non
79%
Qui est Gilasaure ? Non
79%
Qui est Rex le Géant ? Non
76%
Qui est Trakodon ? Non
76%
Qui est Tyranno Noir ? Oui
76%
Qui est Mégazouleur ? Non
74%
Qui est Dragon Tyran ? Oui
74%
Qui est Rex le Géant ? Non
68%
Qui est Dragon Rampant N°2 ? Oui
65%
Qui est Gilasaure ? Oui
56%
Qui est Mégazouleur ? Oui
47%
Qui est Dragon Bras d'Épée ? Oui
44%
Qui est Rex le Géant ? Oui
35%
Qui est Trakodon ? Oui
26%
Aucun quiz correspondant
Distribution des résultats
% des personnes avec chaque résultat
Percentile par nombre de réponses
Votre historique - résultats
Vous n’avez pas pris ce quiz